Engineering circuit analysis /

Đã lưu trong:
書目詳細資料
主要作者: Hayt, William H. 1920-
格式: 圖書
語言:English
出版: New York : McGraw-Hill, 1993.
版:5th ed.
主題:
標簽: 添加標簽
沒有標簽, 成為第一個標記此記錄!
Thư viện lưu trữ: Mạng thư viện Đại học Đà Nẵng
LEADER 00916cam a2200349 i 4500
001 000046125
003 5397
005 20030422112041.0
008 010220|1993 vm 000 eng
020 |a 0071127364 (pbk.) 
040 |a IRC  |c IRC  |d IRC 
041 0 |a eng 
082 1 4 |a 621.3192  |b HA-W 
100 1 |a Hayt, William H.  |q (Hart),  |d 1920- 
245 0 0 |a Engineering circuit analysis /  |c William H. Hayt. 
250 |a 5th ed. 
260 |a New York :  |b McGraw-Hill,  |c 1993. 
300 |a xx, 706p. 
630 0 4 |a Electric circuit analysis. 
630 0 4 |a Electric network analysis. 
650 0 4 |a Electric circuit analysis. 
650 0 4 |a Electric network analysis. 
OWN |a DUT 
999 |a From the UDN01 
TYP |a Monograph 
TYP |a Printed language 
980 |a Mạng thư viện Đại học Đà Nẵng